|
|
|
|
| LEADER |
00000cam a2200000 7i4500 |
| 001 |
0000006044 |
| 002 |
000006532 |
| 005 |
20000330.0 |
| 020 |
|
|
|a 0415063442
|
| 090 |
0 |
0 |
|a 616.9940019
|b KFI
|
| 100 |
1 |
|
|a Kfir, Nira
|
| 245 |
1 |
0 |
|a Challenging cancer :
|b from chaos to control
|c Nira Kfir and Maurice Slevin
|
| 260 |
|
|
|a London :
|b Routledge ,
|c 1991
|
| 300 |
|
|
|a 135p. ;
|c 21cm.
|
| 650 |
0 |
0 |
|a Cancer
|x Patients
|x Rehabilitation
|
| 650 |
0 |
0 |
|a Cancer
|x Psychological aspects
|
| 700 |
1 |
|
|a Slevin, Maurice
|
| 999 |
|
|
|a 028497
|b BUKU
|c PINJAMAN
|e PERPUSTAKAAN KOMUNITI PETALING JAYA
|
| 999 |
|
|
|a 037874
|b BUKU
|c PINJAMAN
|e PERPUSTAKAAN KOMUNITI PETALING JAYA
|